मत्स्यगंधा / (Record no. 117281)
[ view plain ]
| 000 -LEADER | |
|---|---|
| fixed length control field | 01277nam a22002897a 4500 |
| 003 - CONTROL NUMBER IDENTIFIER | |
| control field | dpl |
| 005 - DATE AND TIME OF LATEST TRANSACTION | |
| control field | 20180723150537.0 |
| 008 - FIXED-LENGTH DATA ELEMENTS--GENERAL INFORMATION | |
| fixed length control field | 180723b xxu||||| |||| 00| 0 eng d |
| 010 ## - LIBRARY OF CONGRESS CONTROL NUMBER | |
| LC control number | A-718165 |
| 020 ## - INTERNATIONAL STANDARD BOOK NUMBER | |
| Terms of availability | 45.00 |
| 035 ## - SYSTEM CONTROL NUMBER | |
| System control number | A-718165, A-718190 |
| 037 ## - SOURCE OF ACQUISITION | |
| Source of stock number/acquisition | Cen Lib/Ret |
| 040 ## - CATALOGING SOURCE | |
| Original cataloging agency | DPL |
| Language of cataloging | HN |
| Transcribing agency | 0 |
| 082 ## - DEWEY DECIMAL CLASSIFICATION NUMBER | |
| Classification number | उ |
| Item number | बरगो |
| 100 ## - MAIN ENTRY--PERSONAL NAME | |
| Personal name | बरगोहाई, होमेन |
| 9 (RLIN) | 73276 |
| 245 ## - TITLE STATEMENT | |
| Title | मत्स्यगंधा / |
| Statement of responsibility, etc | होमेन बरगोहाई ; अनुवादक रमा भगवती |
| 246 ## - VARYING FORM OF TITLE | |
| Title proper/short title | Matsyagandha / |
| Remainder of title | by Homen bargohayi ; anuvadak Rama Bhagvati |
| 260 ## - PUBLICATION, DISTRIBUTION, ETC. (IMPRINT) | |
| Place of publication, distribution, etc | नयी दिल्ली |
| Date of publication, distribution, etc | 1994 |
| Name of publisher, distributor, etc | भरतीय ज्ञानपीठ प्रकाशन |
| 270 ## - ADDRESS | |
| City | नयी दिल्ली |
| Address | 18,इन्स्टी तुषानल एरिया, लोदी रोड |
| Postal code | 110003 |
| 300 ## - PHYSICAL DESCRIPTION | |
| Extent | 69पृ. |
| Dimensions | 19सेमी(सजिल्द ) |
| 650 ## - SUBJECT ADDED ENTRY--TOPICAL TERM | |
| Topical term or geographic name as entry element | असामीज साहित्य |
| 9 (RLIN) | 73277 |
| 650 ## - SUBJECT ADDED ENTRY--TOPICAL TERM | |
| Topical term or geographic name as entry element | असामीज साहित्य |
| General subdivision | उपन्यास |
| 9 (RLIN) | 71149 |
| 650 ## - SUBJECT ADDED ENTRY--TOPICAL TERM | |
| Topical term or geographic name as entry element | Assamese literature |
| 9 (RLIN) | 63196 |
| 650 ## - SUBJECT ADDED ENTRY--TOPICAL TERM | |
| Topical term or geographic name as entry element | Assamese literature |
| General subdivision | fiction |
| 9 (RLIN) | 71150 |
| 700 ## - ADDED ENTRY--PERSONAL NAME | |
| Personal name | भगवती, रमा |
| 9 (RLIN) | 73278 |
| 942 ## - ADDED ENTRY ELEMENTS (KOHA) | |
| Source of classification or shelving scheme | Dewey Decimal Classification |
| Koha item type | Hindi Books |
| Classification part | उ |
| Call number suffix | बरगो |
| Withdrawn status | Lost status | Damaged status | Not for loan | Home library | Current library | Date acquired | Source of acquisition | Cost, normal purchase price | Total Checkouts | Full call number | Barcode | Date last seen | Copy number | Cost, replacement price | Price effective from | Koha item type | Source of classification or shelving scheme | Collection code | Total Renewals | Date checked out |
|---|---|---|---|---|---|---|---|---|---|---|---|---|---|---|---|---|---|---|---|---|
| Central Library | Central Library | 26/08/2015 | Cen Lib/Ref | 45.00 | उ बरगो | A-718165 | 26/08/2015 | 1 | 45.00 | 26/08/2015 | Hindi Books | |||||||||
| Shahdara Branch | Shahdara Branch | 23/07/2018 | BPPD/PUB | 45.00 | 1 | उ बरगो | A-718190 | 25/07/2024 | 45.00 | 23/07/2018 | Hindi Books | Dewey Decimal Classification | Fiction | 1 | 05/07/2024 |
